MARC details
| 000 -CABECERA |
| campo de control de longitud fija |
02909nam a2200349 i 4500 |
| 003 - IDENTIFICADOR DEL NÚMERO DE CONTROL |
| campo de control |
DO-SdBNP |
| 005 - FECHA Y HORA DE LA ÚLTIMA TRANSACCIÓN |
| campo de control |
20250307073711.0 |
| 007 - CAMPO FIJO DE DESCRIPCIÓN FÍSICA--INFORMACIÓN GENERAL |
| campo de control de longitud fija |
ta |
| 008 - DATOS DE LONGITUD FIJA--INFORMACIÓN GENERAL |
| campo de control de longitud fija |
220513e2021 dr ||||gr|||| 001 edspa d |
| 020 ## - NÚMERO INTERNACIONAL ESTÁNDAR DEL LIBRO |
| Número Internacional Estándar del Libro |
9789945920123 |
| 040 ## - FUENTE DE LA CATALOGACIÓN |
| Centro catalogador/agencia de origen |
DO-SdBNP |
| Lengua de catalogación |
spa |
| Centro/agencia transcriptor |
BNPHU |
| Normas de descripción |
rda |
| 041 ## - CÓDIGO DE LENGUA |
| Código de lengua original |
spa |
| 082 #4 - NÚMERO DE LA CLASIFICACIÓN DECIMAL DEWEY |
| Número de clasificación |
928.61 |
| Número de documento/Ítem |
P438p |
| Número de edición |
22 |
| 100 1# - ENTRADA PRINCIPAL--NOMBRE DE PERSONA |
| Nombre de persona |
Pérez, Odalís, |
| Fechas asociadas al nombre |
1952- |
| Término indicativo de función/relación |
autor |
| Código de función/relación |
aut. |
| 9 (RLIN) |
23828 |
| 245 10 - MENCIÓN DE TÍTULO |
| Título |
Pedro Henríquez Ureña: |
| Resto del título |
humanidades críticas y democracia del pensamiento / |
| Mención de responsabilidad, etc. |
Odalis G. Pérez. |
| 264 #1 - PRODUCCIÓN, PUBLICACIÓN, DISTRIBUCIÓN, FABRICACIÓN Y COPYRIGHT |
| Producción, publicación, distribución, fabricación y copyright |
Santo Domingo : |
| Nombre del de productor, editor, distribuidor, fabricante |
Universitaria, UASD, |
| Fecha de producción, publicación, distribución, fabricación o copyright |
2021. |
| 300 ## - DESCRIPCIÓN FÍSICA |
| Extensión |
271 páginas : |
| Otras características físicas |
ilustraciones, fotografías ; |
| Dimensiones |
23 cm. |
| 336 ## - TIPO DE CONTENIDO |
| Término de tipo de contenido |
texto |
| Código de tipo de contenido |
txt |
| Fuente |
rdacontent |
| 337 ## - TIPO DE MEDIO |
| Nombre/término del tipo de medio |
sin mediación |
| Fuente |
n |
| Código del tipo de medio |
rdamedia |
| 338 ## - TIPO DE SOPORTE |
| Nombre/término del tipo de soporte |
volumen |
| Código del tipo de soporte |
nc |
| Fuente |
rdacarrier |
| 490 0# - MENCIÓN DE SERIE |
| Mención de serie |
Colección Universidad Autónoma de Santo Domingo. |
| 500 ## - NOTA GENERAL |
| Nota general |
Incluye datos biográficos del autor en las solapas de las cubiertas. |
| 500 ## - NOTA GENERAL |
| Nota general |
Incluye índice onomástico, 261- 271 |
| 504 ## - NOTA DE BIBLIOGRAFÍA, ETC. |
| Nota de bibliografía, etc. |
Bibliografía : página 251-260 |
| 505 ## - NOTA DE CONTENIDO CON FORMATO |
| Nota de contenido con formato |
Presentación, 9 -- Introducción, 15 -- Pedro Henríquez Ureña: entre la memoria y el presente, 21 -- Pedro Henríquez Ureña: tensiones e investigaciones musicales, 33 -- Pedro Henríquez Ureña: el arte en la América continental, 39 -- Estética y cultura en Pedro Henríquez Ureña, 45 -- Historia cultural y crítica de arte en Pedro Enríquez Ureña, 51 -- Cátedra de Arte y Cultura Pedro Henríquez Ureña, 57 -- Historia cultural y artística de la América hispánica y continental, 67 -- Pedro Henríquez Ureña y la Catedral de Santo Domingo, 79 -- Hostos en Pedro Henríquez Ureña, 93 -- Homenaje de la Universidad de Santo Domingo, 103 -- Pedro Henríquez Ureña y la ocupación norteamericana de 1916, 113 -- Tensiones escritas y orales: Literatura y cultura en República Dominicana, 119 -- Pedro Henríquez Ureña: cultura e historiografía en la América continental, 129 -- Pedro Henríquez Ureña y la lingüística romance, 139 -- La lengua como historia, 147 -- Conferencia Pedro Henríquez Ureña: aportes culturales, políticos, filológicos y educativos, 153 -- Orientaciones, ideales y fundaciones democráticas en Pedro Henríquez Ureña, 193 -- Pedro Henríquez Ureña y el arte del ensayo, 209 -- Pedro Henríquez Ureña y las artes plásticas, 221 -- Pedro Henríquez y los estudios de lenguas indígenas, 227 -- Pedro Henríquez Ureña: una dramaturgia de voces, 233 -- Pedro Henríquez Ureña: crítico de arte y esteta, 245 -- Bibliografía, 251 -- Índice onomástico, 261. |
| 590 ## - NOTA LOCAL (RLIN) |
| Nota local |
Inventariado 2022 / MF |
| 600 10 - PUNTO DE ACCESO ADICIONAL DE MATERIA--NOMBRE DE PERSONA |
| Nombre de persona |
Henríquez Ureña, Pedro, |
| Fechas asociadas al nombre |
1884-1946 |
| Subdivisión general |
Crítica e interpretación |
| 9 (RLIN) |
1718 |
| 650 ## - PUNTO DE ACCESO ADICIONAL DE MATERIA--TÉRMINO DE MATERIA |
| Término de materia o nombre geográfico como elemento de entrada |
Literatura |
| Subdivisión geográfica |
República Dominicana |
| 9 (RLIN) |
80984 |
| 650 #4 - PUNTO DE ACCESO ADICIONAL DE MATERIA--TÉRMINO DE MATERIA |
| 9 (RLIN) |
31556 |
| Término de materia o nombre geográfico como elemento de entrada |
Henríquez Ureña, Pedro, 1884-1946 |
| Subdivisión de forma |
Crítica Literaria |
| Subdivisión general |
Colecciones de Escritos |
| Subdivisión geográfica |
República Dominicana |
| 910 ## - DATOS DE OPCIÓN DEL USUARIO (OCLC) |
| Datos de opción del usuario |
MFeliz. Validado. Control de Calidad/MAA |
| 942 ## - ELEMENTOS DE PUNTO DE ACCESO ADICIONAL (KOHA) |
| Fuente del sistema de clasificación o colocación |
Dewey Decimal Classification |
| Tipo de ítem Koha |
Libro |